Interpreting the Minor Prophets / (Record no. 9059)

MARC details
000 -LEADER
fixed length control field 01138cam a2200289 a 4500
001 - CONTROL NUMBER
control field 565560
003 - CONTROL NUMBER IDENTIFIER
control field GBCCL
005 - DATE AND TIME OF LATEST TRANSACTION
control field 20241126110704.0
008 - FIXED-LENGTH DATA ELEMENTS--GENERAL INFORMATION
fixed length control field 890711s1990 miu b 001 0 eng
010 ## -
-- 89037728
020 ## - INTERNATIONAL STANDARD BOOK NUMBER
International Standard Book Number 0310308011
040 ## - CATALOGING SOURCE
Original cataloging agency DLC
Transcribing agency DLC
Modifying agency DLC
050 00 -
-- BS1560
-- .C47 1990
082 00 - DEWEY DECIMAL CLASSIFICATION NUMBER
Classification number 224.906
Edition information 20
Item number CHI
100 1# - MAIN ENTRY--PERSONAL NAME
Personal name Chisholm, Robert B.
9 (RLIN) 1239
245 10 - TITLE STATEMENT
Title Interpreting the Minor Prophets /
Statement of responsibility, etc. by Robert B. Chisholm, Jr.
260 ## - PUBLICATION, DISTRIBUTION, ETC.
Place of publication, distribution, etc. Grand Rapids, Mich. :
Name of publisher, distributor, etc. Zondervan Pub. House,
Date of publication, distribution, etc. c1990.
300 ## - PHYSICAL DESCRIPTION
Extent 317 p. ;
Dimensions 21 cm.
500 ## - GENERAL NOTE
General note "Academie books."
504 ## - BIBLIOGRAPHY, ETC. NOTE
Bibliography, etc. note Includes bibliographical references (p. 293-307) and index.
630 00 - SUBJECT ADDED ENTRY--UNIFORM TITLE
Uniform title Bible.
Name of part/section of a work Minor Prophets
General subdivision Criticism, interpretation, etc.
9 (RLIN) 14177
856 42 - ELECTRONIC LOCATION AND ACCESS
Materials specified Publisher description
Uniform Resource Identifier <a href="http://www.loc.gov/catdir/enhancements/fy1005/89037728-d.html">http://www.loc.gov/catdir/enhancements/fy1005/89037728-d.html</a>
856 41 - ELECTRONIC LOCATION AND ACCESS
Materials specified Table of contents only
Uniform Resource Identifier <a href="http://www.loc.gov/catdir/enhancements/fy1013/89037728-t.html">http://www.loc.gov/catdir/enhancements/fy1013/89037728-t.html</a>
906 ## - LOCAL DATA ELEMENT F, LDF (RLIN)
a 7
b cbc
c orignew
d 1
e ocip
f 19
g y-gencatlg
942 ## - ADDED ENTRY ELEMENTS (KOHA)
Source of classification or shelving scheme Dewey Decimal Classification
Koha item type Books
Koha issues (borrowed), all copies 10
Holdings
Withdrawn status Lost status Source of classification or shelving scheme Damaged status Not for loan Home library Current Library Shelving location Date acquired Total checkouts Total renewals Full call number Barcode Date last seen Date last checked out Copy number Price effective from Koha item type
    Dewey Decimal Classification     GRACE BIBLE COLLEGE GRACE BIBLE COLLEGE Biblical Studies 2022-03-30 14 1 224.906 CHI 015459 2026-03-05 2026-03-04 c.1 2022-03-30 Books
© Grace Bible College Library 2025